LEADER 01746nam 2200373 n 450 001 996393077803316 005 20221108083909.0 035 $a(CKB)4940000000112769 035 $a(EEBO)2240945954 035 $a(UnM)99872858 035 $a(EXLCZ)994940000000112769 100 $a19850511d1641 uy | 101 0 $aeng 135 $aurbn||||a|bb| 200 10$aDensel Hollis Esquire, his worthy and learned speech in Parliament, on Thnrfeday [sic] the thirtieth of December 1641$b[electronic resource] $eVpon the reading of the petition and protestation of the twelve bishoppes. For which they were accused of high treason, and committed to the Tower. Wherein is discovered the danger of this protestation, that it is both against the King and his royall prerogatives, the priviledges of Parliaments, the liberties of the subject, and the subvertion of the fundamtall [sic] lawes of this kingdome 210 $aLondon $cPrinted for Iohn Thomas, and Thomas Bankes$d1641 215 $a[2], 6 p 300 $aAnnotation on Thomason copy: "30 decemb". 300 $aReproduction of the original in the British Library. 330 $aeebo-0018 606 $aBishops$zEngland$vEarly works to 1800 606 $aTreason$zEngland$vEarly works to 1800 607 $aGreat Britain$xHistory$yCivil War, 1642-1649$vEarly works to 1800 615 0$aBishops 615 0$aTreason 700 $aHolles$b Denzil Holles$cBaron,$f1599-1680.$01001819 801 0$bCu-RivES 801 1$bCu-RivES 801 2$bCStRLIN 801 2$bWaOLN 906 $aBOOK 912 $a996393077803316 996 $aDensel Hollis Esquire, his worthy and learned speech in Parliament, on Thnrfeday the thirtieth of December 1641$92333151 997 $aUNISA LEADER 01638oam 2200457Ia 450 001 9910698934303321 005 20090714160711.0 035 $a(CKB)5470000002398534 035 $a(OCoLC)424631518 035 $a(EXLCZ)995470000002398534 100 $a20090714d2004 ua 0 101 0 $aeng 135 $auran||||||||| 181 $ctxt$2rdacontent 182 $cc$2rdamedia 183 $acr$2rdacarrier 200 00$aGuidance for industry$b[electronic resource] $epre-approval information for registration of new veterinary medicinal products for food-producing animals with respect to antimicrobial resistance 210 1$aRockville, MD :$cU.S. Dept. of Health and Human Services, Food and Drug Administration, Center for Veterinary Medicine,$d[2004] 215 $a10 pages $cdigital, PDF file 300 $aTitle from PDF title page (viewed on July 14, 2009). 300 $a"VICH GL27". 300 $a"Final guidance". 300 $a"April 27, 2004". 320 $aIncludes bibliographical references (page 10). 517 $aGuidance for industry 606 $aDrug approval 606 $aAnti-infective agents in veterinary medicine 606 $aDrug resistance in microorganisms 606 $aFood animals 615 0$aDrug approval. 615 0$aAnti-infective agents in veterinary medicine. 615 0$aDrug resistance in microorganisms. 615 0$aFood animals. 712 02$aCenter for Veterinary Medicine (U.S.) 801 0$bGPO 801 1$bGPO 801 2$bGPO 906 $aBOOK 912 $a9910698934303321 996 $aGuidance for industry$93434577 997 $aUNINA LEADER 01412nam0 22003613i 450 001 MIL0724729 005 20251003044237.0 010 $a2912143322 010 $a9782912143327 100 $a20101001d2002 ||||0itac50 ba 101 | $aeng 102 $afr 181 1$6z01$ai $bxxxe 182 1$6z01$an 200 1 $aWorkability and rheology of fresh concrete$ecompendium of tests$eReport of RILEM technical committee TC 145-WSM workability of special concrete mixes$fedited by P. J. M. Bartos, M. Sonebi and A. K. Tamimi 210 $aCachan Cedex$cRILEM$d2002 215 $aXXV, 127 p.$cill.$d24 cm. 225 | $aRILEM report$v24 410 0$1001MIL0131919$12001 $aRILEM report$v24 606 $aCalcestruzzi$2FIR$3CFIC001064$9E 676 $a620.1$9Ingegneria e attivita affini$v14 676 $a620.136$9MATERIALI DELL'INGEGNERIA. CALCESTRUZZO$v22 702 1$aBartos$b, P. J. M.$3MILV323131 702 1$aSonebi$b, M.$3MILV323132 702 1$aTamimi$b, A. K.$3MILV323133 801 3$aIT$bIT-000000$c20101001 850 $aIT-BN0095 901 $bNAP 01$cSALA DING $n$ 912 $aMIL0724729 950 0$aBiblioteca Centralizzata di Ateneo$c1 v.$d 01SALA DING 620.1 WORARO$e 0102 0000082515 VMA A4 1 v.$fY $h20100929$i20100929 977 $a 01 996 $aWorkability and rheology of fresh concrete$91572657 997 $aUNISANNIO